000 01039nam a2200301 a 4500
001
003 DO-SdBNP
005 20211124111757.0
008 100322s2009 dr 000 j spa d
020 _a9789993442882
040 _aDO-SdBNP
_bspa
_cBPMSU
082 _aPe863.5
_bA454m 2009
_222
100 1 _aAlonso, Paul,
_d1978-
245 1 0 _aMe persiguen :
_brelatos de escape /
_cPaul Alonso ; presentación Alejandro Arvelo.
260 _aSanto Domingo :
_bDirección General de la Feria del Libro,
_c2009.
300 _a90 p. ;
_c23 cm.
490 1 _aEdiciones Ferilibro
_vv. 112
500 _aInncluye datos biográficos del autor en la solapa de la cubierta.
586 _aPremio Internacional de Cuento Joven Feria del Libro 2008.
590 _aInventariado, 2021/VM
650 4 _aCuentos peruanos
650 4 _aLiteratura peruana
700 1 _aArvelo, Alejandro
710 2 _aDirección General de la Feria del Libro (República Dominicana)
830 0 _aEdiciones Ferilibro
_nno. 112
910 _aVMateo V.
942 _2ddc
_cBK
999 _c13897
_d13897